| 000 | 00416nam a2200145Ia 4500 | ||
|---|---|---|---|
| 005 | 20240821154543.0 | ||
| 008 | 240821s9999||||xx |||||||||||||| ||und|| | ||
| 082 | _a722.4 BRO | ||
| 100 | _aBrown, Percy | ||
| 245 | 0 | _aIndian architecture : Islamic period | |
| 260 |
_aBombay _bTaroporevala Treasure House & Books _c1964 |
||
| 300 | _a134p, Plates | ||
| 650 | _aARTS,CRAFTS,MUSIC,SPORTS AND RECREATIONS | ||
| 942 | _cBK | ||
| 999 |
_c69529 _d69529 |
||